Statistics for Every Deftones song 1995-2020

Click here to take the quiz!

General Stats

  • This quiz has been taken 201 times
  • The average score is 34 of 104

Answer Stats

Albumsong% Correct
Around the furBe quiet and drive
81%
Around the furAround the fur
79%
White ponyChange (In the house of flies)
74%
Saturday night wristCherry waves
73%
Around the furMy own summer (shove it)
72%
Around the furMascara
71%
Diamond eyesDiamond eyes
69%
Diamond eyesSextape
69%
Koi No YokanRosemary
67%
Adrenaline7 words
64%
AdrenalineBored
60%
White ponyPink maggit
59%
Around the furLhabia
56%
Around the furMX
56%
White ponyDigital bath
55%
Around the furLotion
55%
White ponyPassenger
55%
White ponyKnife Party
54%
OhmsOhms
53%
DeftonesMinerva
51%
around the furDai the flu
50%
AdrenalineEngine no. 9
50%
White ponyKorea
50%
Diamond eyesBeauty school
48%
Saturday night wristBeware
48%
Saturday night wristHole in the earth
47%
White ponyRX queen
47%
White ponyElite
45%
AdrenalineRoot
45%
White ponyTeenager
45%
Around the furHead up
43%
DeftonesHexagram
42%
Diamond eyesRisk
42%
Koi No YokanSwerve city
42%
White pony
(added after the album)
Back to school (mini maggit)
41%
DeftonesNeedles and pins
40%
Koi No YokanEntombed
39%
Around the furRickets
39%
Saturday night wristKimdracula
38%
Diamond eyesRocket skates
37%
Saturday night wristXerces
37%
White ponyStreet Carp
36%
Saturday night wristMein
34%
Koi No YokanRomantic dreams
34%
Diamond eyesYou've seen the butcher
33%
White ponyFeiticeira
31%
AdrenalineOne weak
31%
Saturday night wristRats!Rats!Rats!
31%
DeftonesWhen girls telephone boys
31%
AdrenalineMinus Blindfold
30%
GoreGore
29%
Koi No YokanTempest
29%
Diamond eyes976-EVIL
28%
DeftonesBloody cape
27%
Adrenaline
(Hidden track)
Fist
26%
Koi No YokanLeathers
26%
DeftonesDeathblow
25%
AdrenalineFireal
25%
Saturday night wristPink Cellphone
25%
GorePrayers/Triangles
25%
Diamond eyesRoyal
25%
OhmsGenesis
24%
Saturday night wristRapture
24%
DeftonesBattle Axe
23%
AdrenalineNosebleed
23%
Diamond eyesThis place is death
22%
AdrenalineBirthmark
21%
OhmsCeremony
21%
Diamond eyesCMND/CTRL
21%
AdrenalineLifter
21%
Diamond eyesPrince
21%
Around the fur
(Hidden track)
Damone
20%
Saturday night wristRiviere
20%
Koi No YokanGauze
18%
GorePhantom Bride
18%
Koi No YokanWhat happened to you?
18%
Saturday night wristCombat
17%
DeftonesGood morning beautiful
17%
Koi No YokanGoon squad
17%
DeftonesLucky you
17%
DeftonesMoana
17%
Koi No YokanPoltergeist
17%
OhmsUrantia
16%
OhmsError
15%
GoreHearts/Wires
15%
OhmsThe spell of mathematics
15%
DeftonesAnniversary
13%
OhmsPompeji
13%
OhmsHeadless
12%
Eros
(Unreleased Album)
Smile
12%
Saturday night wristU,U,D,D,L,R,L,R,A,B
12%
Koi No YokanGraphic nature
10%
OhmsThis link is dead
10%
Gore(L)MIRL
9%
GoreRubicon
9%
GoreAcid Hologram
8%
OhmsRadiant City
8%
GoreDoomed user
7%
GoreGeometric Headdress
7%
GoreXenon
6%
Diamond eyesDo You Believe
4%
Diamond eyesGhosts
4%
GorePittura infamante
3%
Diamond eyesCaress
1%

Score Distribution

Percentile by Number Answered

Percent of People with Each Score

Your Score History

You have not taken this quiz